[Event "RUS-chT Blitz (Women)"]
[Site "Sochi"]
[Date "2022.10.17"]
[Round "2.8"]
[White "Loskutova, Viktoriya"]
[Black "Kovanova, Baira"]
[Result "0-1"]
[WhiteElo "2076"]
[BlackElo "2317"]
[PlyCount "64"]
[EventDate "2022.10.17"]
[EventType "team-swiss (blitz)"]
[EventRounds "11"]
[EventCountry "RUS"]
[SourceTitle "CBM 210 Extra"]
[Source "ChessBase"]
[SourceDate "2022.11.30"]
[SourceVersion "1"]
[SourceVersionDate "2022.11.30"]
[SourceQuality "1"]
[WhiteTeam "Novosibirsk (W)"]
[BlackTeam "Yugra (W)"]
[WhiteTeamCountry "RUS"]
[BlackTeamCountry "RUS"]

1. e4 c5 2. Nf3 e6 3. d4 cxd4 4. Nxd4 a6 5. Nc3 d6 6. a3 Nf6 7. Be3 b5 8. g4 Bb7 9. Bg2 Qc7 10. g5 Nfd7 11. f4 Nc6 12. Qe2 Be7 13. 0-0-0 Na5 14. Kb1 Nc4 15. Bd2 Rc8 16. h4 Ndb6 17. Be1 Na4 18. Nxa4 bxa4 19. Ka1 Qb6 20. c3 Na5 21. Nc2 Nb3+ 22. Kb1 Na5 23. Ka1 Nb3+ 24. Kb1 Na5 25. Ka1 Nc4 26. Nb4 a5 27. Nd3 Ba6 28. Qc2 0-0 29. Qxa4 Rb8 30. Rb1 Ne3 31. Bf1 Nxf1 32. Rxf1 Bxd3 0-1

[Event "RUS-chT Blitz (Women)"]
[Site "Sochi"]
[Date "2022.10.17"]
[Round "6.12"]
[White "Yurasova, Daria"]
[Black "Loskutova, Viktoriya"]
[Result "1-0"]
[WhiteElo "2048"]
[BlackElo "2076"]
[PlyCount "97"]
[EventDate "2022.10.17"]
[EventType "team-swiss (blitz)"]
[EventRounds "11"]
[EventCountry "RUS"]
[SourceTitle "CBM 210 Extra"]
[Source "ChessBase"]
[SourceDate "2022.11.30"]
[SourceVersion "1"]
[SourceVersionDate "2022.11.30"]
[SourceQuality "1"]
[WhiteTeam "St Petersburg SShOR (W)"]
[BlackTeam "Novosibirsk (W)"]
[WhiteTeamCountry "RUS"]
[BlackTeamCountry "RUS"]

1. b3 Nf6 2. Bb2 g6 3. Bxf6 exf6 4. e3 d5 5. d4 Bd6 6. g3 0-0 7. Bg2 c6 8. Ne2 a5 9. Nd2 Na6 10. 0-0 Re8 11. c4 Nc7 12. Nc3 Bb4 13. Qc1 Be6 14. a3 Bf8 15. Qb2 h5 16. h4 f5 17. Rfd1 Bg7 18. Qc2 Qe7 19. Na4 Rab8 20. Nc5 b6 21. Nd3 Rec8 22. c5 b5 23. b4 a4 24. Nf3 f6 25. Re1 Qd7 26. Rad1 Bh6 27. Nd2 Re8 28. Nb1 Bf7 29. Nc3 Kh7 30. Ne2 Re7 31. Ndf4 Rbe8 32. Bh3 Re4 33. Nc3 Bxf4 34. Nxe4 dxe4 35. exf4 Bb3 36. Qd2 Bxd1 37. Rxd1 Qd5 38. Bg2 Rd8 39. Qe3 Ne6 40. f3 Qc4 41. fxe4 Rxd4 42. Re1 fxe4 43. Bxe4 Ng7 44. Qf3 Rd2 45. f5 Qd4+ 46. Kh1 gxf5 47. Bxf5+ Kh6 48. Be4 Qe5 49. Qe3+ 1-0

[Event "RUS-ch Rapid (Women)"]
[Site "Sochi"]
[Date "2022.10.16"]
[Round "11"]
[White "Loskutova, Viktoriya"]
[Black "Dimitrova, Aleksandra"]
[Result "1-0"]
[WhiteElo "2076"]
[BlackElo "2151"]
[PlyCount "79"]
[EventDate "2022.10.15"]
[EventType "swiss (rapid)"]
[EventRounds "11"]
[EventCountry "RUS"]
[SourceTitle "CBM 210 Extra"]
[Source "ChessBase"]
[SourceDate "2022.11.30"]
[SourceVersion "1"]
[SourceVersionDate "2022.11.30"]
[SourceQuality "1"]

1. e4 c5 2. Nf3 e6 3. d4 cxd4 4. Nxd4 Nc6 5. Nc3 Qc7 6. a3 a6 7. Be3 b5 8. f4 Bb7 9. Nxc6 Bxc6 10. Bd3 Nf6 11. 0-0 Qb7 12. e5 Nd5 13. Nxd5 Bxd5 14. Qd2 g6 15. Rad1 Be7 16. Qf2 0-0 17. Qg3 Kh8 18. c3 a5 19. Be2 b4 20. axb4 axb4 21. Bf3 Bc6 22. Bxc6 dxc6 23. cxb4 Qxb4 24. Qf3 c5 25. Rd7 Rae8 26. Rb7 Qa5 27. Rc1 f6 28. exf6 Bxf6 29. Bxc5 Rc8 30. b4 Qa6 31. Re1 Qc4 32. Bxf8 Rxf8 33. Qe4 Bd4+ 34. Kh1 e5 35. Qe2 Qd5 36. Qb5 Qa2 37. Qd7 Qg8 38. fxe5 Bxe5 39. b5 Bc3 40. Rd1 1-0